000 00348nam a22001217a 4500
082 _a297
100 _aSultan ul Ashiqin Sayyid Shah Barkatullah
245 _aThe four spiritual gems
_cImam Abu Hamid M. Ahmed Rida Al - Qadri Barkati
260 _aDurban:
_bAhmad Raza Academy;
_c2016.
300 _a84p.
563 _aPB
942 _2ddc
_cBK
999 _c614704
_d614704